| 000 | 00555nam a2200241Ia 4500 | ||
|---|---|---|---|
| 003 | OSt | ||
| 005 | 20220912152315.0 | ||
| 006 | a|||||r|||| 00| 0 | ||
| 007 | ta | ||
| 008 | 220909b |||||||| |||| 00| 0 eng d | ||
| 024 | _a52219 | ||
| 037 | _cTextual | ||
| 040 |
_aCSL _beng _cCSL |
||
| 041 | _aeng | ||
| 082 | _aI715.44, N2 | ||
| 100 | _aVij S P | ||
| 245 | 0 | _aJournal of the orchid of India | |
| 260 | _c1992 | ||
| 300 |
_ap. _ccm. |
||
| 650 | _aBotany | ||
| 942 |
_hI715.44, N2 _cTEXL _2CC |
||
| 999 |
_c84243 _d84243 |
||